000 02508cam a22001814a 4500
005 20250605164357.0
008 250528s ||||||||||||||||||||||||d
035 _a24363
040 _aGR-AtMCL
_bgre
_dGR-AtMCL
_eAACR2
245 1 _aΔημιουργικό Εργαστήρι / Κατασκευάζω - Παίζω - Δημιουργώ
260 _bΔίπτυχο,
_c2013
300 _a60
520 _aΣταχτοπούτης, Δεινοσαυρίνα Δωράκι για την Αρχή της Σχολικής Χρονιάς, Μήλα με Καραμέλες, Φθινοπωρινό Δέντρο από Χαρτοσακούλα, Φυλλοανθρωπάκια από Ρολό Χαρτί Υγείας, Σκίουρος και Σκαντζόχειρος, Φθινοπωρινό Δέντρο από Χαρτοσακούλα, Φυλλοανθρωπάκια από Ρολό Χαρτί Υγείας, Σκίουρος και Σκαντζόχειρος, Φθινοπωρινό Δέντρο από Χαρτοσακούλα, Φυλλοανθρωπάκια από Ρολό Χαρτί Υγείας, Σκίουρος και Σκαντζόχειρος, Φθινοπωρινό Στεφάνι από Εφημερίδες, Φαναράκι με Φύλλα Φθινοπωρινά, Κουκουβάγιες με Κουκουνάρια, Συννεφούλης Μόμπιλ, Φθινοπωρινό Δέντρο με Πάζλ, Πουλάκι από Κουκουνάρι και Χεράκια, Φθινοπωρινή Αλφαβήτα, Κάμπια Μολυβοθήκη για την Εκμάθηση των Χρωμάτων, Το Ξωτικό του Φθινοπώρου, Πολυχρηστικά Ανακινούμενα Μπουκάλια, Παρουσιολόγιο Αεροπλάνο, Δέντρο με Κουκουβάγιες, Σκαντζόχειρος, Παρουσιολόγιο Σταφύλι από Χάρτινα Πιάτα, Κουμπαράς Τερατάκι από Κουτί Εβαπορέ, Καλαμπόκι από Αεροπλάστ, Φθινοπωρινό Βαζάκι από Μπουκάλι Μπίρας, Ανεμούριο για την 28η Οκτωμβρίου, Στεφάνι από Μανταλάκια για την 28η Οκτωμβρίου, Σκιάχτρο από Γλωσσοπιέστρα, Πήλινος Σκαντζόχειρος, Σαλιγκάρι από Ζυμάρι.
700 1 _aLimos Anna
_99440
942 _cCR
999 _c9251
_d9251